000
00286nam a2200121Ia 4500
008
190216s9999||||xx |||||||||||||| ||und||
100
_a
Mazharuddin Siddiqui
245
0
_a
Marxism Islam
260
_b
Islamic Publishing House
300
_a
154p
650
_a
Arabic Literature
942
_c
BK
999
_c
546
_d
546